Logo BPK

Biblioteka

Politechniki Koszalińskiej

Węglik krzemu = (Rekord nr 30899)

Szczegóły MARC
000 -ETYKIETA REKORDU
podpole kontrolne o stałej długości 01111nam a2200277 i 4500
001 - NUMER KONTROLNY REKORDU
pole kontrolne bg
040 ## - ŹRÓDŁO KATALOGOWANIA
Instytucja, która utworzyła rekord BPK
041 0# - KOD JĘZYKA
Kod języka tekstu pl
Kod języka streszczenia lub abstraktu en
080 ## - UNIWERSALNA KLASYFIKACJA DZIESIĘTNA - UKD
UKD 666.3/.7:546.26
008 - POLE O STAŁEJ DŁUGOŚCI - DANE KONTROLNE
podpole kontrolne o stałej długości s pl f |000 0 pol
100 1# - NAZWA OSOBOWA
Nazwa osobowa STOBIERSKI, Ludosław
245 #0 - TYTUŁ/ODPOWIEDZIALNOŚĆ
Tytuł Węglik krzemu =
Ciąg dalszy tytułu Silicon carbide : budowa, właściwości i otrzymywanie /
Pozostałe elementy strefy tytułu i oznaczenia odpowiedzialności Ludosław Stobierski.
246 11 - WARIANT TYTUŁU
Tytuł Silicon carbide
Ciąg dalszy tytułu structure, properties and manufacturing
260 ## - STREFA ADRESU WYDAWNICZEGO
Miejsce wydania Kraków :
Nazwa wydawcy/dystrybutora Polskie Towarzystwo Ceramiczne,
Data publikacji, dystrybucji/powstania dokumentu 1996.
300 ## - STREFA OPISU FIZYCZNEGO
Objętość 114, [3] s. :
Inne cechy fizyczne fot., rys. ;
Rozmiary 24 cm.
490 1# - STREFA SERII I DOKUMENTU WIELOCZĘŚCIOWEGO - FORMA NIE DO WYSZUKIWANIA
Tytuł i oznaczenie odpowiedzialności serii Prace Komisji Nauk Ceramicznych / Polska Akademia Nauk. Ceramika,
ISSN 0860-3340 ;
Numeracja w obrębie serii 48
490 1# - STREFA SERII I DOKUMENTU WIELOCZĘŚCIOWEGO - FORMA NIE DO WYSZUKIWANIA
Tytuł i oznaczenie odpowiedzialności serii Polski Biuletyn Ceramiczny / Polskie Towarzystwo Ceramiczne ;
Numeracja w obrębie serii 10
500 ## - UWAGI OGÓLNE
Tekst uwagi Nazwa aut. z okł.
504 ## - UWAGA DOTYCZĄCA BIBLIOGRAFII
Informacje o bibliografii Bibliogr. s. 98-114. Summ.
650 #9 - HASŁO PRZEDMIOTOWE W FORMIE NAZWY OGÓLNEJ LUB JEDNOSTKOWEJ
Nazwa ogólna lub geograficzna Ceramika
Określnik ogólny materiały
-- badanie
650 #9 - HASŁO PRZEDMIOTOWE W FORMIE NAZWY OGÓLNEJ LUB JEDNOSTKOWEJ
Nazwa ogólna lub geograficzna Węgliki
Określnik ogólny badanie
650 #9 - HASŁO PRZEDMIOTOWE W FORMIE NAZWY OGÓLNEJ LUB JEDNOSTKOWEJ
Nazwa ogólna lub geograficzna Krzem
Określnik ogólny związki
-- badanie
830 #0 - HASŁO DODATKOWE SERII LUB DOKUMENTU WIELOCZĘŚCIOWEGO - TYTUŁ UJEDNOLICONY
Tytuł ujednolicony Prace Komisji Nauk Ceramicznych (Polska Akademia Nauk).
Nazwa części/sekcji dzieła Ceramika ;
Oznaczenie tomu 48
830 #0 - HASŁO DODATKOWE SERII LUB DOKUMENTU WIELOCZĘŚCIOWEGO - TYTUŁ UJEDNOLICONY
Tytuł ujednolicony Polski Biuletyn Ceramiczny (Polskie Towarzystwo Ceramiczne) ;
Oznaczenie tomu 10
856 ## - LOKALIZACJA I DOSTĘP DO ELEKTRONICZNYCH DOKUMENTÓW ZDALNYCH
Link (URL) http://koha.tu.koszalin.pl/cgi-bin/koha/opac-detail.pl?biblionumber=30899
Tekst linku Katalog online BPK
942 ## - DODATKOWE ELEMENTY (KOHA)
Typ dokumentu Książka
Egzemplarze
Wycofany Status egzemplarza Uszkodzony Dostępność Lokalizacja stała Lokalizacja bieżąca Miejsce przechowywania Sygnatura Kod kreskowy Typ dokumentu
      Dostępny Biblioteka Politechniki Koszalińskiej Biblioteka Politechniki Koszalińskiej Wypożyczalnia BG 37837 01071078 Książka
© 2023 Biblioteka Politechniki Koszalińskiej :: KOHA